| 000 | 00505nam a2200157 a 4500 | ||
|---|---|---|---|
| 001 | 000034225 | ||
| 005 | 20200930070901.0 | ||
| 008 | 110928s19uu ag 000 0 spa d | ||
| 040 |
_aDO-SdBNP _bspa _cBNPHU |
||
| 100 | 1 |
_aGarcía, Juan Agustín _959643 |
|
| 245 | 1 | 3 |
_aLa ciudad indiana : _bBuenos Aires desde 1600 hasta mediados del siglo XVIII / _cJuan Agustín García. |
| 250 | _a6a ed. | ||
| 260 |
_aBuenos Aires : _bEdiciones Ángel Estrada, _c[196-?]. |
||
| 300 |
_a375 p. ; _c24 cm. |
||
| 049 | _aBNPD | ||
| 999 |
_c33716 _d33716 |
||